000
00249nam a22001217a 4500
041
_a
ENG
100
_a
Khanna.S.K
245
_a
Norms And Standards
260
_a
New Delhi
_b
Aicte
_c
1995
300
_a
348
650
_a
GAE (15)
856
_u
GAE (15)
999
_c
2976
_d
2976